00242nam a22000857a 4500008004100000082002100041245004400062260004200106300000800148230626b xxu||||| |||| 00| 0 eng d a328.30bRON 1990 aThe New NationbThe Republic of Namibia aNamibiabNamibian News Magazinec1990 a48p